000 01341pam a2200349 a 4500
001 2033323
003 Nust
005 20211020152228.0
008 921002s1993 nyua b 001 0 eng
010 _a 92037799
020 _a0071127364
038 _akhadija
040 _aDLC
_cDLC
_dDLC
050 0 0 _aTK454
_b.H4 1993
082 0 0 _a621.3192 HAY
_220
100 1 _aHayt, William Hart,
_d1920-
_983279
245 1 0 _aEngineering circuit analysis /
_cWilliam H. Hayt, Jr., Jack E. Kemmerly.
250 _a5th ed.
260 _aNew York :
_bMcGraw-Hill,
_cc1993.
300 _axx, 706 p. :
_bill. ;
_c27 cm.
440 0 _aMcGraw-Hill series in electrical and computer engineering.
_pCircuits and systems
_983280
504 _aIncludes bibliographical references and index.
563 _aPB
650 0 _aElectric circuit analysis.
_92075
650 0 _aElectric network analysis.
_910704
700 1 _aKemmerly, Jack E.
_q(Jack Ellsworth),
_d1924-
_92077
856 4 2 _3Publisher description
_uhttp://www.loc.gov/catdir/description/mh022/92037799.html
856 4 1 _3Table of contents
_uhttp://www.loc.gov/catdir/toc/mh021/92037799.html
906 _a7
_bcbc
_corignew
_d1
_eocip
_f19
_gy-gencatlg
942 _2ddc
_cBK
999 _c173195
_d173195